| 000 | 00676cab a2200241 4500 | ||
|---|---|---|---|
| 001 | X2303 | ||
| 008 | 090401t1995 xxu||||| |||| 00| 0 eng d | ||
| 035 | _a(Sirsi) u23247 | ||
| 041 | _aeng | ||
| 245 | _aWilling and Able Club | ||
| 260 | _c1995 | ||
| 350 | _a0 | ||
| 490 |
_aCSM (Chartered Surveyor Monthly) _v4(7) May 1995, 7(1) |
||
| 650 | _aCOMPUTERS | ||
| 650 | _aMANAGEMENT-BUSINESS MANAGEMENT-INFORMATION MANAGEMENT | ||
| 650 |
_aProperty management _96262 |
||
| 650 | _aSOFTWARE | ||
| 650 | _aUNEMPLOYED SURVEYORS | ||
| 650 | _aWILLING AND ABLE CLUB | ||
| 690 | _aMANAGEMENT-BUSINESS MANAGEMENT-PROFESSIONAL PRACTICE | ||
| 942 | _n0 | ||
| 948 | _c04/03/1997 | ||
| 999 |
_c15554 _d15554 |
||